| 000 | 00510nam a2200205Ia 4500 | ||
|---|---|---|---|
| 005 | 20250115055531.0 | ||
| 008 | 240331s9999 xx 000 0 und d | ||
| 020 | _a9788189487874 | ||
| 082 |
_bSHR _a934 |
||
| 100 | _aShrimali,K.M | ||
| 245 | 4 | _aThe Age of Iron and the Religious Revolution c.700 - c.350 BC | |
| 250 | _a4th | ||
| 260 |
_aNew Delhi _bTulika books _c2011 |
||
| 300 | _aXiii, 160 p ., | ||
| 650 | _aHistory | ||
| 650 | _aReligion | ||
| 650 | _aEconomy | ||
| 650 | _aSociety | ||
| 942 | _cL | ||
| 999 |
_c5721 _d5721 |
||